000
00320nam a2200121Ia 4500
008
210430s9999 xx 000 0 und d
020
_a
0-04-297026-1
082
_a
297 N241I
100
_a
Seyyed Hossein Nasr
_9
38928
245
_a
Ideals and Realities of Islam
_c
Seyyed Hossein Nasr
300
_a
184
942
_c
BK
_2
ddc
999
_c
565248
_d
565248